Oru kaviyude diary/ (Record no. 67669)

000 -LEADER
fixed length control field 00374nam a22001577a 4500
082 ## - DEWEY DECIMAL CLASSIFICATION NUMBER
Classification number M803
Item number RAM/O
100 ## - MAIN ENTRY--AUTHOR NAME
Personal name Vayalar
245 ## - TITLE STATEMENT
Title Oru kaviyude diary/
Statement of responsibility, etc by Vayalar
250 ## - EDITION STATEMENT
Edition statement 1st.
260 ## - PUBLICATION, DISTRIBUTION, ETC. (IMPRINT)
Place of publication Kollam:
Name of publisher Sangeerthanam Publications,
Year of publication 2014.
300 ## - PHYSICAL DESCRIPTION
Number of Pages 72p.
650 ## - SUBJECT ADDED ENTRY--TOPICAL TERM
Topical Term Memoirs Malayalam
650 ## - SUBJECT ADDED ENTRY--TOPICAL TERM
Topical Term Literature Malayalam
650 ## - SUBJECT ADDED ENTRY--TOPICAL TERM
Topical Term Literature
942 ## - ADDED ENTRY ELEMENTS (KOHA)
Koha item type Book
Holdings
Withdrawn status Lost status Damaged status Not for loan Permanent Location Current Location Shelving location Date acquired Cost, normal purchase price Full call number Accession Number Price effective from Koha item type
        Sree Sankaracharya University of Sanskrit Sree Sankaracharya University of Sanskrit Stacks 18.08.2017 70.00 M803 RAM/O 084969 18.08.2017 Book